| 000 | 01063nam a2200277 i 4500 | ||
|---|---|---|---|
| 001 | 171630 | ||
| 003 | ES-MaACL | ||
| 005 | 20240306142525.0 | ||
| 008 | 090522s1967 fr f |||| | fre d | ||
| 080 | _a329.18 (430) | ||
| 080 | _a94(430)"1933/45" | ||
| 245 | 0 | 3 |
_aLa nuit des longs couteaux / _cprésentée par Charles Bloch ; avec la collaboration de Jean-Claude Favez. |
| 260 |
_a[Paris] : _bJulliard, _c1967. |
||
| 300 |
_a253 p., [16] p. de lám. ; _c18 cm. |
||
| 490 | 1 |
_aCollection archives ; _v28 |
|
| 594 | _aEn cub.: "30 juin 1934: Hitler liquide les siens" | ||
| 650 | 4 |
_aNacionalsocialismo _915470 |
|
| 651 | 4 |
_aAlemania- _xHistoria- _y1933-1945. _97663 |
|
| 651 | 4 |
_aAlemania- _xPolítica y gobierno- _y1933-1945. _9140301 |
|
| 651 | 4 |
_aAlemania- _xHistoria- _y1934 (Noche de los cuchillos largos) _9161466 |
|
| 700 | 1 |
_aBloch, Charles. _9140299 |
|
| 700 | 1 |
_aFavez, Jean-Claude. _9140300 |
|
| 830 | 0 |
_aCollection archives ; _v28 _9189026 |
|
| 852 | 4 |
_aES-MaACL _jE-12662 _z. - Biblioteca Jacinto Martínez Lacalle |
|
| 999 |
_c171630 _d171630 |
||